| 000 | 00759nam a2200289Ia 4500 | ||
|---|---|---|---|
| 001 | 67227 | ||
| 003 | IT-RoPAU | ||
| 008 | 130308s9999 xx 000 0 und d | ||
| 040 | _aIT-RoPAU | ||
| 040 | _cIT-RoPAU | ||
| 041 | _aITALIANO | ||
| 100 | _aMontesanti Fausto | ||
| 100 | _gCodice Aut. SPICS: 3619 | ||
| 245 | _aLineamenti di una storia del film a colori | ||
| 245 | _bColore nel Cinema (Il) | ||
| 250 | _a1a ed. | ||
| 260 | _aROMA | ||
| 260 | _bBianco E Nero | ||
| 260 | _c1952 [1° Ed.:1952 - Ed.Ling.Originale:1952] | ||
| 300 | _a"41 p. (prefazione: no ; testo: 41 [pagine: 11-51])" | ||
| 650 | _aLINGUAGGIO CINEMATOGRAFICO | ||
| 650 | _eCodice materia Spics: 6804 | ||
| 942 | _cBK | ||
| 957 | _71 | ||
| 999 |
_c51781 _d51781 |
||
| 999 | _bSI | ||
| 999 | _g1 | ||